|
|
|
|
| LEADER |
01045nam a2200229 a 4500 |
| 001 |
GR-Patra7779 |
| 008 |
991022s1996 gr 000 b eng d |
| 020 |
|
|
|a 080581678X
|
| 040 |
|
|
|a GrPaTEI
|b gre
|c GR-PaULI
|
| 082 |
|
0 |
|a 616.855042
|2 21
|
| 245 |
0 |
0 |
|a Toward a genetics of language ; Edited by Mabel L. Rice.
|
| 260 |
|
|
|a Mahwah :
|b Lawrence Erlbaum Associates,
|c 1996
|
| 300 |
|
|
|a xxviii, 415σ.
|
| 504 |
|
|
|a Includes bibliographical references
|
| 650 |
|
0 |
|a Language disorders
|x Genetic aspects
|
| 700 |
1 |
|
|a Rice, Mabel L.
|
| 710 |
0 |
|
|a Lawrence Erlbaum Associates
|
| 942 |
|
|
|2 ddc
|
| 952 |
|
|
|0 0
|1 0
|2 ddc
|4 0
|6 616_855000000000000_TOW
|7 0
|9 288825
|a LISK
|b LISK
|c BSC
|d 2021-01-17
|e 24
|f 0
|g 0.00
|l 0
|o 616.855 TOW
|p 92410011136
|r 2021-01-17 00:00:00
|t 1
|w 2021-01-17
|y BK15
|x 19991024 0 1
|x GrPaTEI
|
| 952 |
|
|
|0 0
|1 0
|2 ddc
|4 0
|6 616_855000000000000_TOW
|7 0
|9 288826
|a LISK
|b LISK
|c BSC
|d 2021-01-17
|e 24
|f 0
|g 0.00
|l 0
|o 616.855 TOW
|p 92410016748
|r 2021-01-17 00:00:00
|t 1
|w 2021-01-17
|y BK15
|x 20030912 0 1
|x GrPaTEI
|
| 971 |
|
|
|a .b26552942
|b 15-04-20
|c 23-09-16
|
| 999 |
|
|
|c 168509
|d 168509
|